000 01775cam a2200373 a 4500
001 EDZ0000116323
003 StDuBDS
005 20161031105111.0
006 m||||||||d||||||||
007 cr |||||||||||
008 130111s2008 enka fo| 000|0|eng|d
020 _a9781446271308 (ebook) :
_cNo price
040 _aStDuBDS
_beng
_cStDuBDS
_epn
049 _aAlfaisal Main Library
050 0 _aP93
_b.C62 2008
082 0 4 _a401.4
_223
245 0 0 _aContent analysis
_h[electronic resource] /
_cedited by Roberto Franzosi.
260 _aLondon :
_bSAGE,
_c2008.
300 _a1 online resource (4 v.) :
_bill.
490 1 _aSAGE benchmarks in social research methods
505 0 _av. 1. What is content analysis? : defining the methodological playing field -- v. 2. Refining the playing field : methodological advances -- v. 3. Applications : a focus on mass media -- v. 4. From advertising to protest violence : extending the range of applications.
520 8 _a'Content Analysis' is a popular social science technique for the analysis of text data. While early examples trace back to the late 19th and early 20th century, the technique came of age during WWII through the efforts of Lasswell and others aimed at decoding enemy propaganda.
521 _aSpecialized.
588 _aDescription based on print version record.
504 _aIncludes bibliographical references.
650 0 _aContent analysis (Communication)
655 7 _aElectronic books.
_2local
700 1 _aFranzosi, Roberto.
710 2 _aSage eBooks
776 0 8 _iPrint version :
_z9781412933995
830 0 _aSAGE benchmarks in social research methods.
856 4 0 _uhttp://ezproxy.alfaisal.edu/login?url=http://sk.sagepub.com/navigator/content-analysis
942 _2lcc
_cEBOOKS
999 _c479304
_d479304